000 00710nam a22002177a 4500
003 BUBTL
008 170530b xxu||||| |||| 00| 0 eng d
020 _a9781845699338
082 _a677/ At541f/ 2012
100 _91252
_aAtkinson,C.
245 _aFalse Twist Textured Yarns:
_bPrinciples, Processes and Applications /
_cC. Atkinson
250 _a1st Edn.
260 _aOxford:
_bWoodhead Publishing,
_cc2012
300 _axviii, 203 p.:
_bills.;
_c21 cm.
500 _aIncludes Index
505 _aFalse Twist Textured Yarns, C. Atkinson, Textile Engineering
650 0 _9909
_aTextile Engineering
856 _k0
_l0
_yDownload
942 _2ddc
_cBK
999 _c5478
_d5478